000 00476nam a2200145Ia 4500
008 170224s9999 xx 000 0 und d
100 _aMary M. Wagner
245 4 _aThe Benefits of High School Career and Technical Education (CTE) for Youth With Learning Disabilities
245 _cMary M. Wagner, Lynn A. Newman, Harold S. Javitz
260 _bJournal of Learning Disabilities
260 _c2016
300 _a49:6
650 _xEducation
650 _xSpecial Education
999 _c315726
_d315726